[Event "VIE-ch U15 Girls"]
[Site "Hanoi"]
[Date "2022.06.17"]
[Round "9"]
[White "Tran, Ngoc Nhu Y"]
[Black "Le, Ngo Thuc Quyen"]
[Result "0-1"]
[WhiteElo "2090"]
[BlackElo "2099"]
[PlyCount "58"]
[EventDate "2022.06.11"]
[EventType "swiss"]
[EventRounds "9"]
[EventCountry "VIE"]
[SourceTitle "EXT 2023"]
[Source "ChessBase"]
[SourceDate "2022.10.05"]
[SourceVersion "1"]
[SourceVersionDate "2022.10.05"]
[SourceQuality "1"]

1. e4 c5 2. Nf3 d6 3. d4 cxd4 4. Nxd4 Nf6 5. Nc3 e6 6. Bd3 Be7 7. 0-0 a6 8. Nf3 0-0 9. Bg5 h6 10. Bh4 b5 11. a3 Bb7 12. Re1 Nbd7 13. Rb1 Rc8 14. Qd2 Qc7 15. Bg3 Rfd8 16. Na2 e5 17. Nb4 Nc5 18. Rbc1 Nfxe4 19. Bxe4 Nxe4 20. Qd3 Nc5 21. Qe2 Na4 22. b3 Nc3 23. Qd2 a5 24. Nd3 e4 25. Nd4 exd3 26. Qxd3 Bf6 27. Nf5 Qc6 28. f3 d5 29. Be5 Bxe5 0-1

[Event "VIE-ch U15 Girls"]
[Site "Hanoi"]
[Date "2022.06.13"]
[Round "3"]
[White "Hoang, My Ky Nam"]
[Black "Le, Ngo Thuc Quyen"]
[Result "1/2-1/2"]
[WhiteElo "2106"]
[BlackElo "2099"]
[PlyCount "65"]
[EventDate "2022.06.11"]
[EventType "swiss"]
[EventRounds "9"]
[EventCountry "VIE"]
[SourceTitle "EXT 2023"]
[Source "ChessBase"]
[SourceDate "2022.10.05"]
[SourceVersion "1"]
[SourceVersionDate "2022.10.05"]
[SourceQuality "1"]

1. e4 c5 2. Nf3 d6 3. d4 cxd4 4. Nxd4 Nf6 5. Nc3 e6 6. Be2 Be7 7. f4 a6 8. 0-0 b5 9. a3 Bb7 10. Bf3 Qc7 11. Qe2 0-0 12. Kh1 Nbd7 13. Re1 Nb6 14. Qf2 Rac8 15. Qg3 Kh8 16. e5 dxe5 17. fxe5 Nfd5 18. Bxd5 Nxd5 19. Nxd5 Bxd5 20. c3 Bc5 21. Bf4 Bxd4 22. cxd4 Qb6 23. Qd3 Rc4 24. Red1 Qc6 25. Qf1 Rc2 26. Rd2 Rxd2 27. Bxd2 Qc2 28. Bc3 Qg6 29. Re1 Qg5 30. Qf2 Rc8 31. Qg3 Qf5 32. Qe3 Qg4 33. Qg3 1/2-1/2

[Event "VIE-ch U15 Girls"]
[Site "Hanoi"]
[Date "2022.06.13"]
[Round "4"]
[White "Le, Ngo Thuc Quyen"]
[Black "Truong, Ngoc Tra My"]
[Result "1-0"]
[WhiteElo "2099"]
[BlackElo "2108"]
[PlyCount "81"]
[EventDate "2022.06.11"]
[EventType "swiss"]
[EventRounds "9"]
[EventCountry "VIE"]
[SourceTitle "EXT 2023"]
[Source "ChessBase"]
[SourceDate "2022.10.05"]
[SourceVersion "1"]
[SourceVersionDate "2022.10.05"]
[SourceQuality "1"]

1. e4 e6 2. d4 d5 3. Nc3 Nf6 4. Bg5 Be7 5. e5 Nfd7 6. Be3 a6 7. Bd3 c5 8. Qg4 g6 9. Nf3 Nc6 10. 0-0-0 c4 11. Be2 Qa5 12. Nd2 Bb4 13. Ndb1 b5 14. a3 Bxc3 15. bxc3 Qa4 16. Kd2 a5 17. Rc1 b4 18. axb4 axb4 19. cxb4 Qxb4+ 20. c3 Ra2+ 21. Rc2 Qb3 22. Rxa2 Qxa2+ 23. Kc1 Na5 24. Bd1 Qa1 25. Qe2 Nb3+ 26. Bxb3 cxb3 27. Qb2 Qa4 28. Nd2 Nb6 29. Qxb3 Qa1+ 30. Qb1 Qxc3+ 31. Kd1 Nd7 32. Ke2 Ba6+ 33. Kf3 Ke7 34. Rc1 Qa3 35. Qa1 Qd3 36. g3 Ra8 37. Kg2 Bb7 38. Qb2 Rb8 39. Qb4+ Ke8 40. Bg5 f6 41. exf6 1-0

[Event "VIE-ch U13 Girls"]
[Site "Hanoi"]
[Date "2020.??.??"]
[Round "4"]
[White "Le, Ngo Thuc Quyen"]
[Black "Bui, Tuyet Hoa"]
[Result "1/2-1/2"]
[WhiteElo "1017"]
[BlackElo "1307"]
[PlyCount "62"]
[EventDate "2020.10.22"]
[EventType "tourn"]
[EventRounds "7"]
[EventCountry "VIE"]
[SourceTitle "EXT 2022"]
[Source "ChessBase"]
[SourceDate "2021.10.06"]
[SourceVersion "1"]
[SourceVersionDate "2021.10.06"]
[SourceQuality "1"]

1. e4 c5 2. Nf3 g6 3. d4 cxd4 4. Nxd4 Nc6 5. Nc3 Bg7 6. Be3 Nf6 7. Be2 0-0 8. Qd2 d5 9. exd5 Nxd5 10. Nxc6 bxc6 11. Nxd5 cxd5 12. c3 Bb7 13. 0-0 Qc7 14. Rac1 Rfd8 15. f4 Bc8 16. Bf3 Be6 17. g3 Rac8 18. Qf2 Rd7 19. Rfd1 Qa5 20. a3 Rb8 21. Rd2 a6 22. Rcd1 Rdd8 23. Bc5 Qc7 24. Bxd5 Bg4 25. Ba7 Bxd1 26. Bxb8 Rxb8 27. Rxd1 e6 28. Bg2 Bf8 29. Kh1 Rb3 30. Qe2 Qb6 31. Rd2 Bc5 1/2-1/2

[Event "VIE-chT (Women)"]
[Site "Ho Chi Minh City"]
[Date "2019.10.02"]
[Round "9.26"]
[White "Le, Ngo Thuc Quyen"]
[Black "Vu, Khanh Linh"]
[Result "0-1"]
[WhiteElo "1017"]
[BlackElo "1514"]
[PlyCount "140"]
[EventDate "2019.09.26"]
[EventType "swiss"]
[EventRounds "9"]
[EventCountry "VIE"]
[SourceTitle "EXT 2020"]
[Source "ChessBase"]
[SourceDate "2019.10.17"]
[SourceVersion "1"]
[SourceVersionDate "2019.10.17"]
[SourceQuality "1"]

1. e4 e5 2. Nf3 Nc6 3. d4 exd4 4. Nxd4 Be7 5. Nc3 Nf6 6. Nxc6 dxc6 7. Qxd8+ Bxd8 8. Bf4 0-0 9. Bc4 b5 10. Bd3 Re8 11. f3 a6 12. 0-0 Nh5 13. Be3 Be7 14. a3 Be6 15. f4 Nf6 16. e5 Ng4 17. Bd2 Bc5+ 18. Kh1 Nf2+ 19. Rxf2 Bxf2 20. Ne4 Bh4 21. Rf1 Bf5 22. Bc3 Be7 23. Nf6+ gxf6 24. Bxf5 fxe5 25. fxe5 Bc5 26. Rf3 Rad8 27. h3 Rd1+ 28. Kh2 Bg1+ 29. Kg3 Bd4 30. Bxd4 Rxd4 31. Re3 h6 32. Be4 c5 33. Bf5 Kg7 34. Kf3 Rd5 35. Kf4 Rd4+ 36. Kf3 h5 37. g4 hxg4+ 38. hxg4 Rh8 39. Re4 Rh1 40. Rxd4 cxd4 41. Ke4 Rd1 42. Kd5 Rb1 43. b3 Ra1 44. Kxd4 Kf8 45. Kd5 Ke7 46. Kc6 Kd8 47. Kd5 Rxa3 48. e6 fxe6+ 49. Kxe6 Ra1 50. g5 Rg1 51. g6 Ke8 52. Bd3 c5 53. Kd6 Rg5 54. Kc6 c4 55. bxc4 bxc4 56. Bxc4 Rxg6+ 57. Kc5 Kd8 58. Kb4 Kc7 59. Bb3 Kb6 60. Ka4 Rg1 61. Ka3 Kc5 62. Kb2 Kb4 63. Be6 Rg2 64. Bb3 a5 65. Be6 a4 66. Bf5 a3+ 67. Ka2 Kc3 68. Kxa3 Rg3 69. Bd7 Rg8 70. Ba4 Ra8 0-1

[Event "VIE-chT (Women)"]
[Site "Ho Chi Minh City"]
[Date "2019.09.28"]
[Round "4.26"]
[White "Le, Ngo Thuc Quyen"]
[Black "Phan, Nguyen Ha Nhu"]
[Result "0-1"]
[WhiteElo "1017"]
[BlackElo "1701"]
[PlyCount "70"]
[EventDate "2019.09.26"]
[EventType "swiss"]
[EventRounds "9"]
[EventCountry "VIE"]
[SourceTitle "EXT 2020"]
[Source "ChessBase"]
[SourceDate "2019.10.17"]
[SourceVersion "1"]
[SourceVersionDate "2019.10.17"]
[SourceQuality "1"]

1. e4 g6 2. d4 Bg7 3. c4 d6 4. Nc3 Nf6 5. f3 0-0 6. Be3 Nbd7 7. Bd3 e5 8. d5 a5 9. Nb5 b6 10. Qd2 Nc5 11. Bxc5 bxc5 12. Ne2 Nh5 13. Rb1 f5 14. 0-0 f4 15. a3 g5 16. b4 cxb4 17. axb4 axb4 18. Qxb4 g4 19. c5 gxf3 20. gxf3 Bh3 21. Rf2 Qg5+ 22. Kh1 Ng3+ 23. hxg3 fxg3 24. Rg2 Bxg2+ 25. Kxg2 Qh5 26. Nxg3 Qxf3+ 27. Kh3 Rf6 28. Qd2 Rh6+ 29. Qxh6 Bxh6 30. Be2 Qe3 31. cxd6 Bf4 32. Rg1 Qxg1 33. Nf1 Qh1+ 34. Kg4 Qg2+ 35. Kf5 Qg6# 0-1

[Event "VIE-chT (Women)"]
[Site "Ho Chi Minh City"]
[Date "2019.09.27"]
[Round "3.30"]
[White "Le, Ngo Thuc Quyen"]
[Black "Nguyen, Thi Ngoc Han"]
[Result "1-0"]
[WhiteElo "1017"]
[BlackElo "1210"]
[PlyCount "109"]
[EventDate "2019.09.26"]
[EventType "swiss"]
[EventRounds "9"]
[EventCountry "VIE"]
[SourceTitle "EXT 2020"]
[Source "ChessBase"]
[SourceDate "2019.10.17"]
[SourceVersion "1"]
[SourceVersionDate "2019.10.17"]
[SourceQuality "1"]

1. e4 c5 2. Nf3 d6 3. d4 cxd4 4. Nxd4 Nf6 5. Nc3 a6 6. a4 e6 7. Be2 Be7 8. f4 Nc6 9. Be3 Bd7 10. Nb3 Qc8 11. 0-0 0-0 12. Bf3 Rd8 13. Bb6 Re8 14. Qd2 g6 15. Rad1 Kh8 16. a5 e5 17. Kh1 exf4 18. Qxf4 Be6 19. Nd4 Ne5 20. Nxe6 fxe6 21. Be2 Rf8 22. Qe3 Qc6 23. Bd4 Nfd7 24. Bg4 Qc4 25. Rxf8+ Rxf8 26. Bf3 Kg8 27. Be2 Qc7 28. b4 Nc4 29. Qh3 Nde5 30. Qxe6+ Rf7 31. Nd5 Qd8 32. Rf1 Qf8 33. Rxf7 Qxf7 34. Nxe7+ Kf8 35. Qxf7+ Kxf7 36. Bxc4+ Nxc4 37. Nc8 Ke6 38. Bc3 Ne3 39. Kg1 Nxc2 40. Kf2 d5 41. exd5+ Kxd5 42. Ke2 Na3 43. Kd3 Nb5 44. Nb6+ Kd6 45. Bd4 Ke6 46. Ke4 Nd6+ 47. Kf4 Nf5 48. Bc5 h6 49. g4 Nd6 50. Bxd6 Kxd6 51. Ke4 Kc6 52. h4 Kb5 53. Nd5 Kc4 54. Ke5 h5 55. g5 1-0